|
|
|
|
| LEADER |
00822aam a22002052a 4500 |
| 001 |
000755554 |
| 003 |
CZ BrMZK |
| 005 |
20060531132140.0 |
| 007 |
ta |
| 008 |
041215s1932 xr a er|||||||||||cze d |
| 040 |
|
|
|a ABA001
|b cze
|c PNA001
|d ABA001
|d BOA001
|
| 100 |
1 |
|
|a Petřík, Jan,
|c geodet
|4 aut
|
| 245 |
1 |
0 |
|a Stavba měst a plány upravovací /
|c poznámky dle přednášek prof. Jana Petříka
|
| 260 |
|
|
|a V Praze :
|b Ústřední vydavatelská komise při Čes. vys. učení techn. v Praze :
|b Spolek posluchačů zeměměřičského inženýrství,
|c 1932
|f (S. Fechtner)
|
| 300 |
|
|
|a [II], 131 s. :
|b 7 tab. ;
|c 8°
|
| 500 |
|
|
|a Se 7 tabulkami
|
| 504 |
|
|
|a Obsahuje bibliografii
|
| 910 |
|
|
|a BOA001
|b 2-0982.578
|k k
|
| 990 |
|
|
|a BK
|
| 996 |
6 |
|
|b 2619214013
|c 2-0982.578
|l MZK
|r Sklad / do 1 hodiny
|n 5
|w 000755554
|u 000010
|a 1
|e BOA001
|j MZK50
|s P
|